[Event "81st Georgian-ch Men 2022"]
[Site "Tbilisi"]
[Date "2022.01.27"]
[Round "3.2"]
[White "Akhvlediani, Irakli"]
[Black "Chkhaidze, Nikoloz"]
[Result "1-0"]
[WhiteElo "2430"]
[BlackElo "2268"]
[Annotator "TA"]
[PlyCount "91"]
[EventDate "2022.01.24"]
[EventType "tourn"]
[EventCountry "GEO"]
[SourceTitle "playchess.com"]
[Source "ChessBase"]
[SourceQuality "1"]

{[%evp 13,91,12,35,0,27,1,34,2,0,11,49,5,0,-10,49,47,139,61,45,40,76,45,53,51,90,95,99,98,123,107,164,149,151,66,67,70,54,47,54,54,48,48,67,67,92,66,92,87,108,82,112,79,213,206,213,188,276,273,254,145,145,145,152,152,152,152,168,161,1717,1509,5073,5069,5057,2274,29953,29954,7531,6087,29986,29987]} 1. d4 Nf6 2. c4 e6 3. Nf3 b6 4. g3 Bb7 5. Bg2 Be7 6. O-O O-O 7. Re1 Qc8 {[#] 7...Na6 is a critical line.} 8. Nbd2 $146 {E17: Queen's Indian: 4 g3 Bb7 5 Bg2 Be7.} ({Predecessor:} 8. Nc3 Ne4 9. Qc2 Nxc3 10. Qxc3 d6 11. h4 Nd7 12. Bg5 Qd8 13. e4 h6 14. Bxe7 Qxe7 15. Rad1 e5 {0-1 (43) Sarana,A (2635)-Hansen,E (2606) Chess.com INT 2021}) 8... Ne4 9. Qc2 f5 10. b3 {White is slightly better.} d6 11. Bb2 Nd7 12. Nxe4 (12. d5 $1 $14 {is more appropriate.}) 12... Bxe4 $11 13. Qc1 Qb7 (13... Qe8 $11) 14. Bh3 $1 $14 Rf6 (14... c5 $14) 15. Ng5 (15. Nh4 $1 $16) 15... Rh6 {And now ...Bxg5 would win.} 16. Bf1 {[%cal Od4d5]} Rf8 17. Nxe4 (17. d5 $5) 17... Qxe4 18. f4 Qa8 19. Bg2 Qe8 20. e4 $1 Qh5 {Inhibits Bf3.} 21. h3 e5 (21... Qf7 $16 {keeps fighting.} 22. exf5 Qxf5) 22. exf5 $18 (22. dxe5 $6 dxe5 23. fxe5 fxe4 24. Rxe4 Bc5+ 25. Bd4 (25. Kh1 $2 Rf2 $19) 25... Nxe5 26. Bxc5 Nf3+ 27. Kh1 Qxh3+ 28. Bxh3 Rxh3+ 29. Kg2 Rh2+ 30. Kf1 Nd2+ 31. Kg1 Nf3+ 32. Kf1 Nd2+ 33. Kg1 Nf3+ 34. Kf1 $11) (22. fxe5 $6 f4 23. gxf4 dxe5 24. dxe5 Nc5 $14) 22... Qxf5 {[%cal Re5f4]} 23. g4 ({Stronger than} 23. dxe5 Rxh3 24. Bxh3 Qxh3 $11) (23. Qb1 $16) 23... Qxf4 $14 24. Qxf4 Rxf4 25. Bc1 {This bishop pair is nice.} Rxd4 26. Bxh6 gxh6 27. Rad1 $36 {[%mdl 2048] Strongly threatening Rxd4. White fights for an advantage.} Rf4 28. Rf1 {White is more active.} Bg5 29. Rxf4 Bxf4 $16 {[%mdl 4096] Endgame KRB-KBN} 30. b4 Be3+ 31. Kf1 {[%mdl 1024] White has strong compensation.} a5 32. Bc6 Nf8 {Black cannot hold the game after this.} (32... Nf6 $16) 33. Ke2 $18 Bd4 34. Rf1 Ng6 (34... Kg7 {was worth a try.} 35. bxa5 (35. Bd5 c6 $16) 35... bxa5) 35. Bd5+ Kh8 36. Rf7 ({White should play} 36. Kd3 $18) 36... Nf4+ $16 37. Kd2 axb4 {[%cal Ob6b5] [#]} 38. h4 $1 {[%cal Bh3h4,Bh4g5,Bg5h6][%mdl 32]} b5 {[#]} 39. g5 $1 ({Resist} 39. Rxc7 bxc4 40. Bxc4 d5 $16) 39... hxg5 40. hxg5 {White threatens Rf8+ and mate.} h5 $2 (40... Nxd5 41. cxd5 e4 42. Rxc7 Kg8) 41. gxh6 $18 {Threatening mate with Be4.} Bc3+ 42. Kc2 {Be4 would kill now.} Nxd5 43. cxd5 e4 44. Rxc7 Bd4 45. Re7 Be5 {[#]} 46. Rxe5 $1 {[%mdl 512] Weighted Error Value: White=0.15 (very precise) /Black=0.75} 1-0

[Event "81st Georgian-ch Men 2022"]
[Site "Tbilisi"]
[Date "2022.01.27"]
[Round "3.3"]
[White "Quparadze, Giga"]
[Black "Lortkipanidze, Nodar"]
[Result "1-0"]
[WhiteElo "2477"]
[BlackElo "2407"]
[Annotator "TA"]
[PlyCount "117"]
[EventDate "2022.01.24"]
[EventType "tourn"]
[EventCountry "GEO"]
[SourceTitle "playchess.com"]
[Source "ChessBase"]
[SourceQuality "1"]

{[%evp 21,117,7,12,41,39,0,23,16,40,32,30,21,50,41,49,11,51,38,89,89,89,76,108,106,126,135,215,215,228,220,193,220,221,221,446,450,442,439,472,444,1037,689,689,689,664,665,650,642,1177,1193,1037,999,901,688,864,545,699,730,681,143,477,512,645,610,547,520,1085,674,968,1029,991,966,900,770,1225,1288,5081,4187,29967,29969,29973,29974,29974,29975,29976,29977,29978,29979,29979,29978,29985,29979,29979,29980,29980,29980,29983,29981]} 1. e4 c5 2. Nf3 d6 3. d4 cxd4 4. Nxd4 Nf6 5. Nc3 g6 6. Be3 Bg7 7. f3 O-O 8. Qd2 Nc6 9. O-O-O d5 10. Nxc6 bxc6 11. Bc4 {11.Bh6 is the modern continuation.} e6 12. Bb3 {B76: Sicilian Dragon: Yugoslav Attack, 9 g4 and 9 0-0-0.} Qc7 13. Bh6 {[#]} (13. exd5 cxd5 14. Bf4 Qc5 $11) 13... a5 $146 ({Predecessor:} 13... Rd8 14. Bxg7 Kxg7 15. g4 Bb7 16. exd5 cxd5 17. Qe3 d4 18. Rxd4 Rxd4 19. Qxd4 Bxf3 {½-½ (30) Ajibowo,O (2121)-Ekpoikong Unwana,E Lagos 2014}) 14. h4 {Threatening Bxg7. White has an edge.} Nh5 15. Bxg7 (15. exd5 Bxh6 16. Qxh6 exd5 $11) 15... Kxg7 16. g4 {[%cal Bg2g4,Bg4g5][%mdl 32]} Nf4 17. Rde1 {Strongly threatening e5.} f6 18. g5 Bb7 19. Kb1 Rad8 ({Black should play} 19... e5 $14) 20. exd5 $1 $16 exd5 21. Na4 {[%cal Bc3a4,Ba4c5,Bc5e4,Be4f6,Bf6h5,Bh5f6,Bf6e8][%mdl 32]} fxg5 22. hxg5 Kg8 23. Nc5 Bc8 {[#]} (23... Rf7 $16 {was necessary.}) 24. Ne4 $1 $18 {Hoping for Nf6+.} Nh5 {[#] To avoid Nf6+} (24... a4 $2 25. Nf6+ Rxf6 26. gxf6 $18) 25. Rxh5 $1 {[%mdl 512]} gxh5 26. Nf6+ Kh8 27. Nxh5 {aiming for Qd4+.} Rxf3 $2 (27... Qa7 {was called for.} 28. Qe2 (28. Qc3+ d4 $14) 28... Qc7) 28. Qd4+ Kg8 {[%cal Oc7e7]} 29. Nf6+ Kf7 30. Qe4 ({Inferior is} 30. Ng4 Bxg4 31. Qxg4 Qg3 32. Qe6+ Kg7 $17) 30... Rh3 (30... Rf5 $142 31. Qh4 (31. Nxh7 $2 Kg6 $19) 31... Re5) 31. Rf1 {[%cal Rf6d5] White wants to mate with Nxd5+.} Kg7 32. Ne8+ Rxe8 33. Qxe8 {White threatens Qf8+ and mate.} Bf5 {[#]} 34. a3 $1 Rxb3 (34... Qf7 35. Qxf7+) 35. Rxf5 {[%mdl 4096] Endgame KQR-KQR} Rb8 36. Qe6 Qb7 37. Qf6+ Kg8 38. g6 {Intending gxh7+ and mate.} Qg7 39. gxh7+ Kh8 40. Qxg7+ Kxg7 {KR-KR. Black cannot hold the game after this.} 41. Rh5 Kh8 42. Rh6 Rc8 43. a4 Rc7 (43... c5 $142 44. Ra6 Kxh7 45. Rxa5 Kg7) 44. Kc1 c5 45. Rh5 d4 46. Kd2 c4 47. Rh4 Rd7 48. c3 {[%cal Bc2c3,Bc3d4,Bd4d5,Bd5d6,Bd6d7][%mdl 32]} Rb7 49. cxd4 {Threatening mate with Kc3.} Rxb2+ 50. Kc3 {White mates.} Rb4 51. Rh1 Rxa4 52. d5 Rb4 53. d6 Rb8 54. Kxc4 a4 55. d7 a3 56. Rd1 Rd8 57. Kc5 a2 58. Kd6 Ra8 59. Ra1 {Weighted Error Value: White=0.23 (precise) /Black=0.36} 1-0

[Event "81st Georgian-ch Men 2022"]
[Site "Tbilisi"]
[Date "2022.01.27"]
[Round "3.4"]
[White "Sanikidze, Tornike"]
[Black "Gagunashvili, Merab"]
[Result "0-1"]
[WhiteElo "2464"]
[BlackElo "2573"]
[Annotator "TA"]
[PlyCount "112"]
[EventDate "2022.01.24"]
[EventType "tourn"]
[EventCountry "GEO"]
[SourceTitle "playchess.com"]
[Source "ChessBase"]
[SourceQuality "1"]

{[%evp 9,112,-10,11,11,-8,-5,31,23,24,23,28,26,21,17,14,20,24,0,13,0,0,0,66,16,44,35,42,16,33,19,10,0,-6,-20,-35,-43,0,4,0,0,14,0,0,29,72,50,111,113,112,107,106,87,103,110,91,42,42,0,42,42,40,30,30,28,166,165,135,57,123,105,306,195,227,256,254,236,226,151,227,47,201,201,256,251,294,293,287,304,295,0,0,0,0,0,0,0,0,0,0,0,0,-29996,-29997,-29997,-29998]} 1. d4 d5 2. Nf3 e6 3. Bf4 Bd6 4. Bg3 Nf6 5. Nbd2 Ne4 6. Nxe4 {D02: 1 d4 d5 2 Nf3 sidelines, including 2...Nf6 3 g3 and 2...Nf6 3 Bf4.} dxe4 7. Ne5 Nd7 {[%cal Oe4e3]} 8. e3 {White is slightly better.} O-O 9. Nc4 {[#]} Be7 $146 ({Predecessor:} 9... Qe7 10. Qg4 f5 11. Bxd6 cxd6 12. Qg3 f4 13. exf4 d5 14. Nd2 Qd6 15. O-O-O Qxf4 16. Qxf4 Rxf4 {½-½ (33) Posa,N (2145)-Nagyajtai,G (2214) Hungary 2005}) 10. Nd2 f5 11. Bc4 Nb6 12. Qe2 Bd7 13. O-O-O Bd6 14. f3 exf3 15. gxf3 Qf6 (15... Nxc4 $11 16. Nxc4 Bb5) 16. Kb1 (16. Bb3 $1 $14) 16... Kh8 17. Rhg1 Nxc4 18. Qxc4 (18. Nxc4 {is interesting.} Bb5 19. a4 Ba6 20. Be1 Rad8 21. b3) 18... Bc6 19. Bxd6 cxd6 20. Qe2 e5 21. Nb3 a5 22. Nc1 exd4 (22... Rac8 $15 {might be stronger.}) 23. Rxd4 $11 Rae8 {[%cal Of6d4]} 24. Qf2 Rf7 25. Nb3 Qe5 26. Rd3 b6 (26... f4 $11 {feels stronger.}) 27. Rgd1 d5 (27... Rf6 $14) 28. Nd4 $16 Bb7 29. f4 Qf6 30. Nf3 Rc7 31. Ne5 Rec8 {[%cal Od5d4]} 32. R1d2 (32. c3 $16) 32... b5 $14 {[%cal Od5d4]} 33. Qe1 (33. Rd4 $14) 33... b4 (33... d4 $1 $11) 34. Rd4 $1 g5 35. Qg3 g4 36. h3 gxh3 (36... Rg7 $1 $11 {and Black has nothing to worry.}) 37. Qxh3 $18 Rg8 38. Nf3 (38. b3 $16) 38... Rg4 ({Black should play} 38... Re7 $14) 39. Rd1 Kg8 $2 (39... Rcg7 $16) 40. Ne5 Qh4 41. Qf1 Rg3 42. R4d2 Rcg7 43. Qb5 {[%cal Rb5e8]} Qd8 {[#] Prevents Qe8+.} (43... Qe7 $16 {keeps fighting.} 44. Qxa5 h5) 44. Qc5 $2 (44. Nc4 $1 $18 {[%mdl 512]}) 44... Rg1 $2 (44... h5 $1 $14) 45. b3 Rxd1+ 46. Rxd1 Qc7 47. Qb5 {[%cal Rb5e8]} Rg2 48. Rc1 d4 49. Qe8+ $2 ({Not} 49. exd4 Be4 50. Nc4 h6 $14) (49. Nd7 $1 $18) 49... Kg7 $11 50. exd4 {Nd7 is the strong threat.} Be4 $40 {[%cal Re4c2][%mdl 128] Black mounts an attack.} 51. Nc4 {[%cal Od4d5]} (51. Nd7 $2 Bxc2+ 52. Rxc2 Qxc2+ 53. Ka1 Qxa2#) 51... Qxf4 {[%cal Oe4c2]} 52. Qe7+ (52. Ne5 Bxc2+ $1 {[%mdl 512]} 53. Rxc2 Rg1+ 54. Kb2 Qxd4+) 52... Kg8 {[%cal Oe4c2]} 53. Qe8+ (53. Nxa5 {leads to mate.} Bxc2+ $1 {[%mdl 512]} 54. Rxc2 Rg1+) 53... Kg7 {[%cal Oe4c2] Really sharp!} 54. Qe7+ (54. Ne5 Bxc2+ $1 {[%mdl 512]} 55. Rxc2 Rg1+ 56. Kb2 Qxd4+) 54... Kg8 {[%cal Oe4c2] ( -> ...Bxc2+!)} 55. Ne5 $2 {[%mdl 8192] [#]} (55. Nxa5 {[#] gets mated.} Bxc2+ $1 {[%mdl 512]} 56. Rxc2 Rg1+) (55. Qf6 $11) 55... Bxc2+ $1 {[%mdl 512]} 56. Rxc2 Rg1+ {Quite a comeback for Black.  Weighted Error Value: White=0.44/Black=0.30} 0-1

[Event "81st Georgian-ch Men 2022"]
[Site "Tbilisi"]
[Date "2022.01.27"]
[Round "3.5"]
[White "Mchedlishvili, Mikheil"]
[Black "Petriashvili, Nikoloz"]
[Result "1-0"]
[WhiteElo "2587"]
[BlackElo "2428"]
[Annotator "TA"]
[PlyCount "121"]
[EventDate "2022.01.24"]
[EventType "tourn"]
[EventCountry "GEO"]
[SourceTitle "playchess.com"]
[Source "ChessBase"]
[SourceQuality "1"]

{[%evp 12,121,0,0,12,4,21,-39,-33,-27,-38,-16,8,5,14,0,3,0,15,0,0,0,57,50,114,50,100,92,77,81,228,225,222,217,389,382,493,445,496,485,493,495,481,484,454,386,473,447,450,362,394,363,330,264,626,626,626,626,609,602,626,626,626,626,682,675,668,663,649,610,638,562,1008,1008,1002,976,1300,867,1287,1239,1270,1201,915,850,797,622,29954,29946,12796,12814,12566,12566,6546,6116,6095,3020,2257,0,1238,1208,6052,5972,3037,2138,29966,29969,29979,29980,29979,29980,29983,29983]} 1. d4 Nf6 2. c4 e6 3. Nc3 Bb4 4. e3 O-O 5. Nge2 Re8 6. a3 Bf8 7. d5 a6 {[#] E46: Nimzo-Indian: Rubinstein: 4 e3 0-0 5 Ne2 without early Bd3.} 8. g3 $146 ({Predecessor:} 8. h3 exd5 9. cxd5 b5 10. g4 Bb7 11. Bg2 d6 12. Ng3 Nfd7 13. O-O Ne5 14. b3 c5 15. dxc6 Bxc6 {½-½ (51) Redzisz,M (2208)-Socko,M (2393) Lodz 2021}) 8... b5 9. dxe6 ({White should play} 9. Bg2 $11) 9... fxe6 $15 {Black is slightly better.} 10. Bg2 {Prevents Bb7.} c6 $1 11. b3 $1 Ra7 12. O-O $36 {[%mdl 2048] White has the initiative.} Rb7 13. Qc2 d5 14. Rd1 Qb6 15. h3 Nbd7 16. cxd5 exd5 (16... cxd5 $11 17. e4 Bc5) 17. b4 a5 {[#] White stays focused until the end.} (17... Rc7 $14) 18. Rb1 (18. e4 $1 $16) 18... axb4 ({Better is} 18... Ne5 $14) 19. axb4 $16 Rc7 20. e4 c5 (20... dxe4 $16 21. Nf4 (21. Bxe4 Ne5 $11) (21. Nxe4 Nxe4 22. Bxe4 Nf6 $11) 21... Kh8) 21. Be3 $18 ({Worse is} 21. Nxd5 Nxd5 22. Qa2 (22. Rxd5 Nf6 $11) (22. exd5 cxb4 23. Qd2 Ne5 $11) 22... Qe6 23. Rxd5 (23. Qxd5 Qxd5 24. Rxd5 Nf6 $11) 23... Bb7 $14) 21... dxe4 22. bxc5 ({Avoid the trap} 22. Bxe4 $2 Nxe4 23. Nxe4 Qg6 $17) 22... Nxc5 (22... Rxc5 23. Bxc5 Nxc5 24. Rxb5 Qa6) 23. Nxb5 Rb7 {[#]} 24. Nd6 $1 {[%mdl 512]} Qxb1 (24... Qxd6 25. Rxd6) 25. Rxb1 Rxb1+ 26. Qxb1 Bxd6 27. Qb6 {[%csl LRc5,LRd6]} Nb7 28. Bd4 Be5 29. Bxe5 Rxe5 30. Nc3 Re6 31. Qc7 Nd6 32. Bf1 Bd7 $2 {[#]} (32... Nfe8 33. Qc5 Bd7) 33. Nd5 $1 {[%mdl 512]} Nde8 34. Nxf6+ Nxf6 35. Bc4 Kf8 36. Bxe6 Bxe6 37. g4 h6 38. Kg2 Bd7 39. Kg3 Kf7 40. Qe5 Be6 41. Kf4 Bd7 42. Qd6 Kg6 43. Qd1 Bc8 44. Qc2 Be6 45. Ke5 Kf7 46. Qc7+ Bd7 47. Qd8 {Kd6 would kill now.} Be6 48. Kd6 {White wants to mate with Qe7+.} Bd7 49. Qa5 {Prevents Ba4.} Be6 50. Qa7+ Bd7 51. Qa2+ Kf8 52. Qc4 Ke8 53. Qc7 Kf8 54. Qa7 Kf7 $1 55. Kc7 {Hoping for Kd8.} Kg6 56. Qc5 Be6 57. Kd8 Bd5 58. Ke7 {White mates.} h5 59. Qc8 hxg4 60. hxg4 Ng8+ 61. Kd6 {Weighted Error Value: White=0.14 (very precise) /Black=0.42} 1-0

[Event "81st Georgian-ch Men 2022"]
[Site "Tbilisi"]
[Date "2022.01.27"]
[Round "3.6"]
[White "Tutisani, Noe"]
[Black "Paichadze, Luka"]
[Result "1-0"]
[WhiteElo "2419"]
[BlackElo "2566"]
[Annotator "TA"]
[PlyCount "129"]
[EventDate "2022.01.24"]
[EventType "tourn"]
[EventCountry "GEO"]
[SourceTitle "playchess.com"]
[Source "ChessBase"]
[SourceQuality "1"]

{[%evp 9,128,10,3,13,16,10,33,18,31,29,43,42,44,15,54,33,35,38,86,69,112,101,108,108,152,140,147,141,135,145,356,352,452,452,414,358,354,347,320,307,313,325,297,310,434,149,139,115,179,0,0,0,445,450,975,970,968,945,916,235,601,301,277,0,561,539,901,317,1294,527,530,530,530,509,529,523,527,0,529,506,510,502,468,475,663,691,686,679,663,663,638,638,638,577,1364,979,1234,1217,1485,1322,4137,4135,4137,4137,4137,4137,5077,4925,29975,29976,29982,29979,29984,29985,29989,29990,29990,29991,29991,29992,29999]} 1. e4 c6 2. d4 d5 3. e5 Bf5 4. g4 Bd7 5. Nc3 e6 6. Be3 {B12: Caro-Kann: Advance Variation.} Ne7 {[%cal Oh7h5]} 7. Nf3 h5 8. gxh5 {[%cal Oh5h6] White is slightly better.} Nf5 {[%cal Oc6c5] To avoid h6} 9. Bg5 {[#]} Be7 $146 ({Predecessor:} 9... Qb6 10. Na4 Qc7 11. Bd3 Nxd4 12. Nxd4 Qxe5+ 13. Be3 c5 14. Nf3 Qxh5 15. Nxc5 d4 16. Nxd7 dxe3 17. Nxf8 exf2+ 18. Kxf2 Kxf8 {1-0 (58) Van Foreest,J (2701)-Harikrishna,P (2730) Tornelo INT 2021}) 10. h4 Rxh5 11. Rg1 g6 12. Bd3 Bxg5 13. hxg5 (13. Rxg5 Nxh4 14. Rxh5 gxh5 $15) 13... Qe7 (13... Na6 $14) 14. Qd2 $16 Nh4 (14... Rh3 $14 {is superior.}) 15. Nxh4 Rxh4 16. O-O-O {aiming for Rh1.} Rxd4 ({Black should play} 16... Qb4) 17. Rh1 {And now Rh8+ would win.} Kd8 18. Rh7 Be8 19. Qe3 c5 {[#]} (19... Rxd3 $16 20. Rxd3 Nd7) 20. Bxg6 $1 $18 {[%mdl 512]} Rxd1+ (20... Nd7 21. Bh5) 21. Nxd1 Nd7 {White must now prevent ...Nf8.} 22. Bxf7 Nf8 {Inhibits g6.} (22... Bxf7 $2 23. g6 Bxg6 24. Rxe7 Kxe7 25. Nc3 $18) 23. g6 Nxh7 24. gxh7 Qh4 25. Bg8 (25. Bxe6 $6 Qxh7 26. Bxd5 Rc8 $16) (25. Qxc5 Qh6+ 26. Qe3 Qxh7 27. Bxe6 Bc6 $16) 25... Bg6 26. Qxc5 {Intending Qd6+ and mate.} (26. Bxe6 Bxh7 27. Bxd5 Rc8 $16) 26... Qg5+ 27. Qe3 $2 (27. Kb1 $18 {and the rest is easy.} Bxh7 28. Qf8+ (28. Bxh7 Qe7 $18) 28... Kd7 29. Qxa8 (29. Qd6+ Ke8 $18) 29... Bxg8 30. Qxb7+ Ke8 31. Qa8+ (31. Qxa7 Qd2 $14) 31... Qd8 32. Qxa7) 27... Qf5 $16 {[%csl Gg6][%cal Rf5c2]} 28. Qd3 {Dancing on a razor blade. Active counter play!} (28. Qc5 Bxh7 29. Bxh7 (29. Qd6+ Ke8 $16) 29... Qg5+ 30. f4 Qxf4+ 31. Kb1 Qf7) 28... Qg5+ (28... Qxd3 $16 {might work better.} 29. cxd3 Bxh7 30. Bxh7 Kd7) 29. Qe3 $2 (29. Qd2 $1 $18 {[%cal Rd2g5]} Qxe5 30. Qh6 Bxh7 31. f4 $1 (31. Bxh7 Ke7 $16) (31. Qxh7 Qf4+ 32. Kb1 Qg4 $11) (31. Bxe6 Ke7 $11)) 29... Qf5 $11 {[%csl Gg6][%cal Rf5c2]} 30. Qc5 $40 {[%mdl 8320] White attacks.} (30. Qb3 $11 Bxh7 31. Ne3 $1) 30... Qg5+ $1 $18 31. Kb1 Qxe5 (31... Bxh7 $142 32. Qf8+ (32. Bxh7 Qe7 $16) 32... Kd7 33. Qxa8 (33. Qd6+ Ke8 $16) 33... Bxg8 34. Qxb7+ Ke8 35. Qb8+ (35. Qxa7 Qd2 $14) 35... Qd8 36. Qxa7 Qd7 37. Qb8+ Qd8 38. Qb5+ Qd7) 32. Qf8+ Kc7 33. Qe7+ (33. Qxa8 Qe2) 33... Kc6 34. Bxe6 $2 (34. h8=Q Qxh8 35. Qxe6+ (35. Bxe6 Rd8 $17) 35... Kc7 36. Qe7+ Kc6 37. Bxd5+ $1 {[%mdl 512]} (37. Be6 Rd8 $17) 37... Kxd5 38. Nc3+ Qxc3 39. bxc3) 34... Kb6 $2 (34... Qd6 35. Qxd6+ Kxd6) 35. Qb4+ Kc6 36. Qe7 (36. Qa4+ Kb6 37. Qb4+ Kc6 38. Bg8 (38. Qe7 Qd6 $18)) 36... Kb6 $1 {[%cal Og6h7]} (36... Qd6 $2 37. Qxd6+ Kxd6 38. Bg8 Bxh7 39. Bxh7 $18) 37. Ne3 a5 {[%cal Og6h7]} 38. b4 $2 (38. Nxd5+ Ka6 39. b4 (39. Bg8 Qxe7 40. Nxe7 Bxh7 $11)) 38... axb4 $2 (38... Qd4 39. bxa5+ (39. Nxd5+ Ka7 $11) (39. Bxd5 Qxb4+ 40. Qxb4+ axb4 $18) 39... Kxa5) 39. Qxb4+ (39. Nxd5+ $142 Ka6 40. Qxb4 $1 Bxc2+ 41. Kc1) 39... Ka7 40. Bxd5 {[%csl Gd5][%cal Rb4b7]} Qg7 41. Qc5+ Kb8 42. Qd6+ Ka7 43. Qc5+ Kb8 44. h8=Q+ Qxh8 {[#]} 45. Qd6+ Ka7 46. Qxg6 Rc8 47. Qf7 {[%csl Gd5][%cal Rf7b7] Prevents Rc7.} Rb8 48. Qc7 {[%cal Rc7a5]} Qd8 49. Qxd8 Rxd8 50. Kb2 Rf8 51. f3 Kb6 52. Kc3 Kc7 53. Kd4 b6 54. c3 Kd6 55. Nc4+ Kc7 56. a4 Rf4+ 57. Ke5 Rh4 58. f4 {[%cal Bf3f4,Bf4f5,Bf5f6,Bf6f7][%mdl 32] f5 would kill now.} Rh3 59. f5 {White mates.} Rxc3 60. f6 Kd8 61. Kd6 Rh3 62. f7 {[%cal Rf7f8]} Rh6+ 63. Be6 {[%cal Rf7f8]} Rf6 64. Ne5 {[%cal Re5c6]} Rf2 65. Nc6# {Weighted Error Value: White=0.69/Black=0.36} 1-0

[Event "81st Georgian-ch Men 2022"]
[Site "Tbilisi"]
[Date "2022.01.28"]
[Round "4.1"]
[White "Pantsulaia, Levan"]
[Black "Paichadze, Luka"]
[Result "1/2-1/2"]
[WhiteElo "2579"]
[BlackElo "2566"]
[Annotator "TA"]
[PlyCount "25"]
[EventDate "2022.01.24"]
[EventType "tourn"]
[EventCountry "GEO"]
[SourceTitle "playchess.com"]
[Source "ChessBase"]
[SourceQuality "1"]

{[%evp 24,25,16,0]} 1. d4 Nf6 2. Nf3 e6 3. c4 d5 4. g3 Bb4+ 5. Bd2 Be7 6. Bg2 O-O 7. O-O c6 8. Qc2 Nbd7 9. Bf4 {[#]} Nh5 $146 ({Predecessor:} 9... a5 10. Nbd2 Nh5 11. Be3 f5 12. Nb3 Nhf6 13. Nc1 Ne4 14. Nd3 Bf6 15. Rac1 Qe7 16. h4 a4 17. Bf4 h6 18. Nfe5 Kh7 19. f3 Nd6 {1-0 (46) Matlakov,M (2674)-Caruana,F (2792) Warsaw 2021}) 10. Bc1 Nhf6 11. Bf4 Nh5 12. Bc1 Nhf6 13. Bf4 1/2-1/2

[Event "81st Georgian-ch Men 2022"]
[Site "Tbilisi"]
[Date "2022.01.28"]
[Round "4.2"]
[White "Petriashvili, Nikoloz"]
[Black "Tutisani, Noe"]
[Result "0-1"]
[WhiteElo "2428"]
[BlackElo "2419"]
[Annotator "TA"]
[PlyCount "80"]
[EventDate "2022.01.24"]
[EventType "tourn"]
[EventCountry "GEO"]
[SourceTitle "playchess.com"]
[Source "ChessBase"]
[SourceQuality "1"]

{[%evp 15,80,30,28,0,0,0,9,9,21,33,29,47,36,29,47,46,78,43,272,107,110,81,101,97,186,169,185,186,170,187,187,194,186,131,130,141,140,134,29997,-574,-568,-623,-311,-421,-436,-1050,-1047,-1033,-985,-920,-597,-601,-583,-575,-545,-535,-535,-1144,-1147,-1556,-1536,-1583,-1517,-1462,-1337,-908,-870]} 1. e4 e5 2. Nf3 Nc6 3. Bb5 a6 4. Ba4 Nf6 5. O-O b5 6. Bb3 Bc5 7. c3 {7.a4 is the fancy move.} d6 8. d4 Bb6 9. Re1 {C78: Ruy Lopez: Archangelsk and Möller Defences.} O-O 10. Bg5 h6 11. Bh4 {The position is equal.} g5 {[#]} 12. Nxg5 hxg5 13. Bxg5 {[#] Black must now prevent Bd5.} Kg7 $146 ({Predecessor:} 13... exd4 14. Bd5 Bd7 15. Qf3 Kg7 16. Nd2 Ne5 17. Qg3 Nh5 18. Qh4 f6 19. Bxa8 fxg5 20. Qxh5 Bg4 21. Qxg4 Nxg4 22. h3 dxc3 23. Nf3 Bxf2+ 24. Kh1 Bxe1 25. Nd4 {0-1 (25) Singgih,D (1894)-Akmalnaidi,A (2144) Jakarta 2018}) 14. Re3 {[%mdl 1024] And now Rg3 would win. White has compensation.} Ne7 $1 (14... exd4 15. Rg3 Ne5 16. cxd4 $16) 15. Rg3 {Strongly threatening Bxf6+.} (15. Qf3 Nh7 16. Bh4 Qe8 17. dxe5 dxe5 $19) (15. Bxf6+ Kxf6 16. dxe5+ (16. Qh5 Ng6 $17) 16... Kg7 17. exd6 Qxd6 18. Rg3+ Ng6 19. Qxd6 cxd6 $15) 15... Ng6 16. Qf3 (16. Bd5 $5 {[%cal Rd5a8]} Ra7 17. a4 $14) 16... Bb7 $2 (16... exd4 17. e5 dxe5 18. Qxa8 $16) (16... Qe7 $14) 17. Nd2 $2 (17. Rh3 $18 Rh8 18. Rxh8 Nxh8 19. Qh3) 17... exd4 18. h4 $36 {[%mdl 2048] Hoping for h5. White is really pushing.} Rh8 {Inhibits h5.} 19. h5 dxc3 20. h6+ $18 Rxh6 21. Bxh6+ Kxh6 {[#]} 22. Bxf7 $1 Kg7 23. Bxg6 ({And not} 23. Qf5 Kxf7 24. Qxg6+ Ke7 25. bxc3 Qg8 26. Qxg8 Nxg8 $17) 23... cxd2 24. Qf4 ({White should try} 24. Bh5+ $18 Kh8 25. Bg6) 24... Qh8 $16 25. e5 $1 ({But not} 25. Rh3 $2 Kxg6 $1 26. Rxh8 Rxh8 27. Qf5+ Kf7 $19) 25... dxe5 {[#]} 26. Qb4 {Threatening mate with Be8+.} Nd5 $2 {[%mdl 8192]} (26... Bxf2+ $16 27. Kxf2 Qf8 28. Bf5+ Kf7 29. Qxd2 (29. Qc3 Qd6 $11) 29... Be4) 27. Qxd2 $4 {[%mdl 8192]} (27. Be8+ {is the narrow road to win.} Kf6 28. Rg6+ Kf5 29. g4#) 27... Qh4 $19 {...Qxg3 is the strong threat.} 28. Qd3 Rh8 (28... Nf4 $142 29. Qd7+ Kh8) 29. Bh7+ Kf8 {Black is clearly winning.} 30. Rh3 (30. Qf5+ $142 Nf6 31. Rh3) 30... Qxf2+ 31. Kh1 Nf6 {[%csl Gb7][%cal Rf2g2]} 32. Qf1 Rxh7 33. Rxh7 {[#]} Bxg2+ $1 {[%mdl 512]} 34. Qxg2 Qxg2+ (34... Nxh7 $2 35. Rf1 Qxf1+ 36. Qxf1+ Ke7 37. Qd3 $18) 35. Kxg2 {aiming for Rf1.} Nxh7 36. a4 bxa4 37. Rxa4 a5 38. Rh4 Nf6 39. Kf3 Ke7 40. Rh6 Ke6 {Black used his chance.  Weighted Error Value: White=0.73/Black=0.58} 0-1